Представление документа в формате RUSMARC

ПолеНазваниеЗначение
  Тип записи c
  Библиографический уровень m
001 Контрольный номер RU/УОНБ/EK_N/636740255
005 Дата корректировки 20240131005116.3
100 Данные общей обработки __
a Данные общей обработки 20200305d2020 u y0rusy0189||||ba
101 Язык документа 0_
a Язык текста ger
102 Страна публикации __
a Страна публикации FR
105 Кодированные данные (монография) __
a Кодированные данные (монография) y###||||000|y
200 Заглавие и сведения об ответственности 1_
a Заглавие Symphonien
b Общее обозначение материала Ноты
d Параллельное заглавие [Симфонии]
e Сведения, относящиеся к заглавию fur das Pianoforte allein
f Первые сведения об ответственности Josef Haydn
f Первые сведения об ответственности Йозеф Гайдн
210 Выходные данные 1_
a Место издания Paris
c Издательство Braunschweig i New-York, Henry Litolff's Verlag
215 Физическое описание __
d Формат 30 см
225 Серия 1_
a Серия Litolff's Bibliothek Classischer Compositionen
300 Общие примечания __
a Общие примечания Изд. на нем. яз.
686 Индексы других классификаций __
a Классификационный индекс 85
2 Код системы rubbk
700 Автор _1
a Фамилия Haydn
b Имя (инициалы) J.
g Полное личное имя Josef
801 Источник записи _0
a Страна RU
b Организация Ульяновская ОНБ
c Дата составления 20200305
g Правила каталогизации RCR
801 Источник записи _1
a Страна RU
b Организация Ульяновская ОНБ
c Дата составления 20200305
g Правила каталогизации RCR
901 Тип документа __
t Тип документа v
909 Создатель записи __
a Создатель записи Грязнова И. Е.
938 Служебная информация __
a Имя БД noti
b Имя библиотеки УОНБ
c Имя АИБС МАРК-SQL
d Номер DOC_ID в БД 22100